| 000 | 01041cam a2200253 4500 | ||
|---|---|---|---|
| 001 | 8150 | ||
| 008 | 041210n2004 000 0 eng u | ||
| 020 | _a060060960X | ||
| 035 | _a(Sirsi) u128271 | ||
| 041 | _aeng | ||
| 050 |
_a658.4 _c18 |
||
| 100 | _aSimmonds, David | ||
| 245 |
_aHow to be a team leader _bthe simple way to build and manage an effective team |
||
| 260 |
_aLondon _bHamlyn _c2004 |
||
| 300 |
_a128p. _c23cm. |
||
| 350 | _a9.99 | ||
| 520 | _aThis practical guide shows team leaders how to manage their responsibilities and create a winning team. Part one focuses on the team itself, including how to build relationships, trust, commitment and success. Part two discusses how to lead a team, including empowering, boosting and supporting the team, facilitating learning and positive thinking. Includes team working and leadership exercises. | ||
| 650 | _aTEAM BUILDING | ||
| 650 | _aPEOPLE MANAGEMENT | ||
| 650 | _aTEAM WORK | ||
| 650 | _aLEADERSHIP | ||
| 690 | _aMANAGEMENT-BUSINESS MANAGEMENT | ||
| 942 | _n0 | ||
| 999 |
_c103883 _d103883 |
||